Oxford handbook of general practice / (رقم التسجيلة. 26152)

تفاصيل مارك
000 -الفاتح
حقل البيانات ثابتة الطول 02754cam a22004214a 4500
001 - رقم الضبط
رقم الضبط 16011850
003 - محدد رقم الضبط
رقم الضبط OSt
005 - وقت وتاريخ اخر تعامل مع التسجيلة
رقم الضبط 20150408114101.0
008 - عناصر البيانات ثابتة الطول - معلومات عامة
حقل البيانات ثابتة الطول 091202s2010 enkaf bf 001 0 eng
010 ## - رقم ضبط مكتبة الكونجرس
رقم ضبط مكتبة الكونجرس 2009049029
016 7# - رقم ضبط الوكاله الوطنية للضبط الببليوجرافي
رقم ضبط التسجيلة 101520545
المصدر DNLM
020 ## - الرقم الدولى المعيارى للكتب
الرقم الدولى المعيارى للكتاب 9780199236107 (pbk. : alk. paper)
020 ## - الرقم الدولى المعيارى للكتب
الرقم الدولى المعيارى للكتاب 0199236100 (pbk. : alk. paper)
035 ## - رقم ضبط النظام
رقم ضبط النظام (OCoLC)ocn477050804
040 ## - مصدر الفهرسة
وكالة الفهرسة الأصلية Ma-Un
042 ## - رمز التحقق
رمز التحقق pcc
050 00 - رقم طلب مكتبة الكونجرس
رقم التصنيف R729.5.G4
رقم المادة O95 2010
082 00 - رقم تصنيف ديوى العشرى
رقم التصنيف 616
رقم الطبعة 22
100 1# - المدخل الرئيسى - إسم شخصى
الإسم الشخصى Simon, Chantal.
9 (RLIN) 17646
245 10 - بيان العنوان
العنوان Oxford handbook of general practice /
بيان المسئوليه,etc Chantal Simon, Hazel Everitt, Françoise van Dorp ; guest author, Knut Schroeder.
250 ## - بيان الطبعة
بيان الطبعة 3rd ed.
260 ## - PUBLICATION, DISTRIBUTION, ETC. (IMPRINT)
مكان الناشر او الموزع Oxford ;
-- New York :
اسم الناشر او الموزع Oxford University Press,
تاريخ النشر أو التوزيع 2010.
300 ## - الوصف المادى
التعداد xxxiii, 1155 p., [6] p. of plates :
تفاصيل ماديه اخرى للوعاء ill. (some col.) ;
أبعاد الوعاء 19 cm.
440 #0 - بيان السلسلة/مدخل إضافى-العنوان
العنوان Oxford handbooks
504 ## - تبصرة ببليوجرافية
تبصرة ببليوجرافية,الخ Includes bibliographical references and index.
520 ## - التبصرة الخاصة بالتعليق أو التلخيص
ملخص,الخ "The Oxford Handbook of General Practice has been a lifeline for busy GPs since the first edition published in 2002. Covering the whole of general practice, with hands-on advice from experienced practitioners, this essential handbook provides rapid access to information to help with any day-to-day problems which might arise in general practice. The new third edition takes into account the significant changes in primary care since publication of the second edition in 2005. Written in line with the new GP curriculum, the authors have provided new material on the GP contract, foundation level doctors in general practice, and training for general practice. All chapters have been completely revised and updated with input from a team of specialist reviewers and contributors. The chapter on child health has been radically updated and specific chapters have now been dedicated to pregnancy and contraception/sexual health. The handbook also includes quick reference practical management boxes for pediatric and elderly patients, a plate section of color images, and reference to online guidelines and resources"--Provided by publisher.
650 #0 - المدخل الاضافى بالموضوع-مصطلح موضوعى
مصطلح موضوعي أو اسم جغرافي كعنصر مدخل Physicians (General practice)
التقسيم الفرعي الشكلي Handbooks, manuals, etc.
9 (RLIN) 17647
650 #0 - المدخل الاضافى بالموضوع-مصطلح موضوعى
مصطلح موضوعي أو اسم جغرافي كعنصر مدخل Primary care (Medicine)
التقسيم الفرعي العام Practice
التقسيم الفرعي الشكلي Handbooks, manuals, etc.
9 (RLIN) 17648
650 #0 - المدخل الاضافى بالموضوع-مصطلح موضوعى
مصطلح موضوعي أو اسم جغرافي كعنصر مدخل Family medicine
التقسيم الفرعي العام Practice
التقسيم الفرعي الشكلي Handbooks, manuals, etc.
9 (RLIN) 17649
650 12 - المدخل الاضافى بالموضوع-مصطلح موضوعى
مصطلح موضوعي أو اسم جغرافي كعنصر مدخل Family Practice
التقسيم الفرعي الشكلي Handbooks.
9 (RLIN) 17650
650 22 - المدخل الاضافى بالموضوع-مصطلح موضوعى
مصطلح موضوعي أو اسم جغرافي كعنصر مدخل Evidence-Based Medicine
التقسيم الفرعي الشكلي Handbooks.
9 (RLIN) 10216
650 22 - المدخل الاضافى بالموضوع-مصطلح موضوعى
مصطلح موضوعي أو اسم جغرافي كعنصر مدخل Primary Health Care
التقسيم الفرعي الشكلي Handbooks.
9 (RLIN) 9876
700 1# - المدخل الاضافى - اسم شخصى
الإسم الشخصى Everitt, Hazel.
9 (RLIN) 17651
700 1# - المدخل الاضافى - اسم شخصى
الإسم الشخصى Dorp, Francoise van.
9 (RLIN) 17652
700 1# - المدخل الاضافى - اسم شخصى
الإسم الشخصى Schroeder, Knut.
9 (RLIN) 17653
942 ## - عناصر المدخل الإضافي( كوها)
مصدر التصنيف او مخطط الترفيف Dewey Decimal Classification
Koha [default] item type كتاب
المقتنيات
حالة الفقد نموذج السعر الفعال حالة تلف ليس للاعارة رقم الطلب رقم النسخة تاريخ الاكتساب الموقع الحالي الباركود الفرع الرئيسي Total Renewals Date last checked out Date last seen مُعار نوع المادة فى نظام كوها مصدر التصنيف او خطة الترفيف Total Checkouts
  2013-03-10     616 SCO 1 2012-10-23 المكتبة المركزية بالمجمعة (CL) 00450014 المكتبة المركزية بالمجمعة (CL) 1 2018-03-18 2018-03-18 2018-04-17 كتاب Dewey Decimal Classification 3
  2013-03-10     616 SCO 2 2012-10-23 المكتبة المركزية بالمجمعة (CL) 00450013 المكتبة المركزية بالمجمعة (CL)   2019-02-28 2020-01-21   كتاب Dewey Decimal Classification 2
  2013-03-10     616 SCO 3 2012-10-23 المكتبة المركزية بالمجمعة (CL) 00450012 المكتبة المركزية بالمجمعة (CL) 1 2016-02-01 2016-02-01 2016-04-01 كتاب Dewey Decimal Classification 1
  2013-11-01     616 SCO   2013-11-01 مكتبة كلية العلوم الطبية التطبيقية بالمجمعة - طالبات (AMF) 00403475 مكتبة كلية العلوم الطبية التطبيقية بالمجمعة - طالبات (AMF)     2013-11-01   كتاب Dewey Decimal Classification  
  2013-11-01     616 SCO   2013-11-01 مكتبة كلية العلوم الطبية التطبيقية بالمجمعة - طالبات (AMF) 00403476 مكتبة كلية العلوم الطبية التطبيقية بالمجمعة - طالبات (AMF)   2025-02-02 2025-04-14   كتاب Dewey Decimal Classification 1
  2013-11-01     616 SCO   2013-11-01 مكتبة مجمع الكليات بالزلفى - طلاب (SZM) 00403472 مكتبة مجمع الكليات بالزلفى - طلاب (SZM)     2013-11-01   كتاب Dewey Decimal Classification  
  2013-11-01     616 SCO   2013-11-01 مكتبة مجمع الكليات بالزلفى - طلاب (SZM) 00403473 مكتبة مجمع الكليات بالزلفى - طلاب (SZM)     2013-11-01   كتاب Dewey Decimal Classification  
  2013-11-01     616 SCO   2013-11-01 مكتبة مجمع الكليات بالزلفى - طلاب (SZM) 00403474 مكتبة مجمع الكليات بالزلفى - طلاب (SZM)     2013-11-01   كتاب Dewey Decimal Classification